| 000 | 00467nam a22001697a 4500 | ||
|---|---|---|---|
| 003 | OSt | ||
| 005 | 20140311134813.0 | ||
| 008 | 130608t xxu||||| |||| 00| 0 eng d | ||
| 050 |
_aSF 442 _b.Am518 1968 |
||
| 082 |
_aM 636.80887 _bAm3 1968 |
||
| 245 |
_aThe cat you care for. / _cAmes, Felicia |
||
| 260 |
_aNew York : _bNew American Library Inc., _c1968 |
||
| 300 |
_a128 p. : _c18 cm. _bill. col. ; |
||
| 942 |
_2lcc _cBK _kM |
||
| 999 |
_c35861 _d35861 |
||